000 00853nam a22003017a 4500
001 BR9704346
003 BR-BrBNA
005 20230928095728.0
007 ta
008 230509b bl.||||| |||| 00| 0 por d
040 _aBR-BrBNA
_bpor
_cBiblioteca Nacional de Agricultura
041 _a(Por)
072 _aH10
_b4020
090 _ 4020 BR9704346
100 1 _aLecoq, M.
100 1 _aPierozzi Junior, I.
110 1 _aNucleo de Monitoramento Ambiental e de Recursos Naturais por Satelite, Campinas, SP (Brasil)
_97675
245 1 _aColeta, preparacao, conservacao e colecao de orthoptera
260 3 _aCampinas, SP (Brasil):
_c1997.
300 _a7 p.
500 _a13 illus.
650 _aOrtoptero
650 _aGafanhoto
650 _aAcondicionamento
650 _aCaptura
909 _a202309
_bLucia
_c55
_dLucia Elande
942 _cBK
999 _c58327
_d58327